000
00300 a2200145 4500
001
152183
040
_c
Escola São Tomás de Aquino
100
_a
MACIEL, Maria Esther
240
1
0
_a
Triz
_l
por
245
1
0
_a
Triz
300
_a
85
362
0
_a
1998
697
_a
*LITERATURA JUVENIL
942
_c
BK
999
_c
152183
_d
152183